Breve historia de la Economía / (Record no. 87543)

MARC details
000 -LEADER
campo de control de longitud fija 00559nam a2200193 i 4500
001 - NÚMERO DE CONTROL
campo de control 87543
003 - IDENTIFICADOR DE NÚMERO DE CONTROL
campo de control ES-MaACL
007 - CAMPO FIJO DE DESCRIPCIÓN FÍSICA--INFORMACIÓN GENERAL
campo de control de longitud fija t|
008 - DATOS DE LONGITUD FIJA--INFORMACIÓN GENERAL
campo de control de longitud fija 041222s1974 sp ||||1| spa d
100 1# - ENTRADA PRINCIPAL--NOMBRE DE PERSONA
Nombre de persona Kuczinski, Juergen.
9 (RLIN) 68952
245 10 - MENCIÓN DEL TÍTULO
Título Breve historia de la Economía /
Mención de responsabilidad, etc. Jürger Kuczinski.
250 ## - MENCION DE EDICION
Mención de edición [3ª ed.].
260 ## - PUBLICACIÓN, DISTRIBUCIÓN, ETC.
Lugar de publicación, distribución, etc. [Madrid] :
Nombre del editor, distribuidor, etc. Miguel Castellote,
Fecha de publicación, distribución, etc. [1974]
300 ## - DESCRIPCIÓN FÍSICA
Extensión 231 p. ;
Dimensiones 17 cm.
490 1# - MENCIÓN DE SERIE
Mención de serie Colección básica ;
Designación de volumen o secuencia 15
830 0# - PUNTO DE ACCESO ADICIONAL DE SERIE-TÍTULO UNIFORME
Título uniforme Colección básica ;
Designación de volumen o secuencia 15
9 (RLIN) 181955
852 ## - LOCALIZACIÓN
Ubicación ES-MaACL
Número de control de estantería E-7186
Sublocalización o colección R.91437
Holdings
Estatus retirado Estado de pérdida Estado de daño No para préstamo Biblioteca de origen Biblioteca actual Ubicación en estantería Fecha de adquisición Fuente de adquisición Total de préstamos Signatura topográfica completa Código de barras Visto por última vez Precio de reemplazo Tipo de ítem Koha
        Biblioteca del Ateneo de Madrid Biblioteca del Ateneo de Madrid Depósito 2 17/01/2008     E-7186 1091459 23/02/2023 23/02/2023 Libro impreso